Histoire universelle. T2

Spremljeno u:
Bibliografski detalji
Glavni autor: Dunan, Marcel
Format: Knjiga
Jezik:Undetermined
Izdano: Paris Larousse 1960
Teme:
Oznake: Dodaj oznaku
Bez oznaka, Budi prvi tko označuje ovaj zapis!
Thư viện lưu trữ: Trung tâm Học liệu Trường Đại học Cần Thơ
LEADER 00471nam a2200181Ia 4500
001 CTU_26858
008 210402s9999 xx 000 0 und d
082 |a 940 
082 |b D897/T2 
100 |a Dunan, Marcel 
245 0 |a Histoire universelle. T2 
245 0 |c Marcel Dunan 
260 |a Paris 
260 |b Larousse 
260 |c 1960 
650 |a history, modern,world history 
904 |i Minh, 981020 
980 |a Trung tâm Học liệu Trường Đại học Cần Thơ